Statistics for States of Germany

Click here to take the quiz!

General Stats

  • This quiz has been taken 1,165 times
  • The average score is 11 of 16

Answer Stats

Nr.Answer% Correct
2BYBayern
95%
3BEBerlin
89%
6HHHamburg
80%
13SNSachsen
79%
7HEHessen
72%
5HBBremen
70%
4BBBrandenburg
68%
9NINiedersachsen
68%
16THThüringen
66%
12SLSaarland
61%
14STSachsen - Anhalt
60%
15SHSchleswig - Holstein
57%
10NWNordrhein - Westfalen
54%
11RPRheinland - Pfalz
53%
1BWBaden - Württemberg
48%
8MVMecklenburg - Vorpommern
45%

Score Distribution

Percentile by Number Answered

Percent of People with Each Score

Your Score History

You have not taken this quiz